[Event "Treviso op-A 4th"]
[Site "Treviso"]
[Date "2023.04.02"]
[Round "4"]
[White "Montalto, Davide"]
[Black "Tomio, Dante"]
[Result "1/2-1/2"]
[WhiteElo "1800"]
[BlackElo "1697"]
[PlyCount "62"]
[EventDate "2023.03.31"]
[EventType "swiss"]
[EventRounds "5"]
[EventCountry "ITA"]
[SourceTitle "EXT 2024"]
[Source "ChessBase"]
[SourceDate "2023.10.10"]
[SourceVersion "1"]
[SourceVersionDate "2023.10.10"]
[SourceQuality "1"]

1. e4 c5 2. b3 Nc6 3. Bb2 e6 4. Nf3 d6 5. d4 cxd4 6. Nxd4 Nf6 7. Nxc6 bxc6 8. Bd3 e5 9. 0-0 Be7 10. c4 Qc7 11. Nc3 0-0 12. Be2 Rd8 13. Qd2 Be6 14. Bf3 Rab8 15. Rac1 Qb7 16. Ba3 Qa6 17. Bb2 h6 18. Rfd1 Ne8 19. Qe2 Rd7 20. Bg4 Nc7 21. Rc2 Rbd8 22. Rcd2 Bxg4 23. Qxg4 Bg5 24. Rd3 Ne6 25. h4 Bf6 26. Na4 Nf4 27. Nc5 h5 28. Qxd7 dxc5 29. Qxd8+ Bxd8 30. Rxd8+ Kh7 31. Bxe5 Ng6 1/2-1/2

[Event "Treviso op-A 4th"]
[Site "Treviso"]
[Date "2023.03.31"]
[Round "1"]
[White "Agolzer, Luca"]
[Black "Montalto, Davide"]
[Result "0-1"]
[WhiteElo "1710"]
[BlackElo "1800"]
[PlyCount "70"]
[EventDate "2023.03.31"]
[EventType "swiss"]
[EventRounds "5"]
[EventCountry "ITA"]
[SourceTitle "EXT 2024"]
[Source "ChessBase"]
[SourceDate "2023.10.10"]
[SourceVersion "1"]
[SourceVersionDate "2023.10.10"]
[SourceQuality "1"]

1. e4 d5 2. exd5 Nf6 3. d4 Bg4 4. Be2 Bxe2 5. Qxe2 Qxd5 6. Nf3 Nc6 7. c4 Qf5 8. Bd2 0-0-0 9. d5 Nb8 10. Be3 e6 11. dxe6 Bb4+ 12. Nbd2 Ne4 13. 0-0 Nxd2 14. Nxd2 Qxe6 15. Nf3 h6 16. Qc2 Nc6 17. a3 Be7 18. Rfe1 Qg4 19. h3 Qh5 20. b4 Bf6 21. Rad1 Rhe8 22. Qa4 Bc3 23. Rxd8+ Rxd8 24. Rc1 Bb2 25. Rb1 Bc3 26. Bxa7 Qf5 27. Rf1 Qe4 28. Bc5 Kb8 29. b5 Na5 30. Bb4 Bxb4 31. axb4 Nxc4 32. Ra1 Nb6 33. Qa7+ Kc8 34. Rc1 Qxb4 35. Qxb6 Rd1+ 0-1